Los Collas de Atacama: identidad y etnogénesis

En los últimos veinte años, ha surgido alrededor de América Latina, un ambiente propicio para la emergencia de numerosos movimientos indígenas. Este escenario, a su vez, correspondería al resultado de variados contextos socio políticos, en donde los distintos Estados resolverían de variadas maneras...

Full description

Bibliographic Details
Main Author: Bujes Moreno, Jacylin
Other Authors: Bengoa, José (profesor guía)
Format: Tesis
Language:Spanish
Published: Santiago, Chile: Universidad Academia de Humanismo Cristiano, 2008.
Subjects:
Online Access:Disponible en línea (PDF). Biblioteca Digital UAHC

MARC

LEADER 00000nmm a22000007a 4500
001 043372
003 UAHC_CL
005 20221227150542.0
008 080204s2008 cl o d 000 spa
040 |a UAHC_CL  |c UAHC_CL  |d UAHC_CL 
100 1 |a Bujes Moreno, Jacylin 
245 1 4 |a Los Collas de Atacama:  |b identidad y etnogénesis  |c Jacylin Bujes Moreno ; profesor guía José Bengoa Cabello. 
260 |a Santiago, Chile:  |b Universidad Academia de Humanismo Cristiano,  |c 2008. 
300 |a 105 páginas. 
500 |a Tesis para optar al título de Antropólogo y al grado de Licenciado en Antropología Social. 
502 |a Tesis (Antropología) --Universidad Academia de Humanismo Cristiano, 2008. 
516 |a Tesis electrónica (PDF). Solicitar envío de documento a biblioteca@academia.cl. 
520 |a En los últimos veinte años, ha surgido alrededor de América Latina, un ambiente propicio para la emergencia de numerosos movimientos indígenas. Este escenario, a su vez, correspondería al resultado de variados contextos socio políticos, en donde los distintos Estados resolverían de variadas maneras el tema indígena .Como un primer acercamiento hacia los pueblos originarios desde una política de Estado latinoamericano, se creó la\política indigenista, surgida en México en los años 40 del siglo pasado. Anterior a esa fecha, no existiría un acercamiento político hacia los grupos indígenas, sino mas bien serían excluidos y en algunos casos, casi exterminados en pos del progreso de las naciones, una historia que no cambia desde la llegada de los españoles a América. El indigenismo mexicano, entonces, marcaría una pauta de diferenciación en el tipo de relación de un Estado para con los indígenas, sin embargo, una de las razones principales para llevar a la práctica esta política, sería la asimilación de los indígenas en la cultura nacional predominante, vale decir, aculturizarlos. Tiempo después las reformas agrarias, significarían nuevas maneras de relaciones y por lo tanto nuevas maneras de entenderse así mismo y también desde el Estado como campesinos, en tanto, la lucha social se generaría a partir de sindicatos que dejarían muchas veces, en pausa la identidad étnica. Con la crisis política de los Estados socialistas y el advenimiento de numerosas y fatales dictaduras, se ennegrecería el escenario para estos campesinos indígenas y junto con la reducción de las tierras, se perderían, en algunos casos, elementos fundamentales que conllevarían herencias, costumbres originarias, propias de muchos grupos. 
650 0 |a Collas  |x Vida social y costumbres  |9 15709  |z Chile 
650 0 |a Identidad étnica   |x Collas  |9 4370  |z Chile 
700 1 |a Bengoa, José  |e profesor guía 
856 |u http://bibliotecadigital.academia.cl/xmlui/bitstream/123456789/1035/1/tant71.pdf  |y Disponible en línea (PDF). Biblioteca Digital UAHC 
900 |a TANT 71 
942 |c TS  |2 ddc 
952 |0 0  |1 0  |4 0  |6 TANT_71_000000000000000  |7 0  |8 COMP  |9 80892  |a BC  |b BC  |c Digital  |d 2017-08-03  |e DIRECTA  |o TANT 71  |r 2019-01-08 00:00:00  |w 2017-08-03  |y TS  |z Documento en PDF  |B ANT 
999 |c 43372  |d 43372